000 00845nam a2200277Ia 4500
003 OSt
005 20220927105748.0
006 a|||||r|||| 00| 0
007 ta
008 220926b |||||||| |||| 00| 0 eng d
024 _a206864
037 _cReference Collections
040 _aRTL
_cRTL
_beng
041 _2eng
_aeng
082 _a"Y6.2, P9/GD"
100 _aWORLD BANK
110 _aWORLD BANK
245 0 _aPeople with disabilities in India
_b From commitments to outcomes
260 _a"Washington,D.C.,"
_b"World Bank, "
_c2009
300 _a"xxvii,158p"
_ccm.
490 _aComparative Studies of Health Systems and Medical Care; 3
500 _aBibliography: P 393-414; Glossary: P 389-92
700 _aWORLD BANK
942 _h"Y6.2, P9/GD"
_cCC
999 _c694483
_d694483